Restauración de el misterio de los Reyes Magos. La página más antigua del Teatro Españo
Tallennettuna:
| Päätekijä: | |
|---|---|
| Aineistotyyppi: | Kirja |
| Kieli: | espanja |
| Julkaistu: |
Santiago
Establecimiento Poligráfico Roma
1898
|
| Painos: | 1a. ed |
| Aiheet: | |
| Tagit: |
Lisää tagi
Ei tageja, Lisää ensimmäinen tagi!
|
MARC
| LEADER | 00000nam a2200000 a 4500 | ||
|---|---|---|---|
| 001 | UCJ5706 | ||
| 003 | CL-VaPUC | ||
| 008 | 070124e18980000CL |||||||||||||||||spa|d | ||
| 082 | 0 | 4 | |a Ch864 |b BAR |2 21 |
| 100 | 0 | |a Barra, Eduardo de la |e author |9 390300 | |
| 245 | 1 | 0 | |a Restauración de el misterio de los Reyes Magos. La página más antigua del Teatro Españo |
| 250 | |a 1a. ed | ||
| 300 | |a 43 p | ||
| 942 | |c BK | ||
| 945 | |d 20070124 00:00:00 |a rinostro | ||
| 260 | |a Santiago |b Establecimiento Poligráfico Roma |c 1898 | ||
| 500 | |a Folleto empastado junto a otros en un volumen rotulado con ocho títulos, de los cuales el primero es 'La hoja perdida del poema del Cid' | ||
| 650 | 0 | |a Crítica literaria |9 269189 | |
| 650 | 0 | |a Teatro español |9 265077 | |
| 583 | |a last modification |c 20190801 10:29:45 |k Rodrigo Vera | ||
| 999 | |c 321815 |d 321813 | ||
| 952 | |0 0 |1 0 |4 0 |6 CH_864_000000000000000_BAR_1898 |7 0 |8 X |9 400669 |a FDOBUD |b FDOBUD |d 2019-11-22 |i 1038516 |o Ch864 BAR 1898 |p 1038516 |r 2019-11-22 |w 2019-11-22 |y BK_X |k BUD | ||